ბათუმის შოთა რუსთაველის სახელმწიფო უნივერსიტეტის ბიბლიოთეკა

უკვდავი კაცი (ბიბ.ჩანაწერი № 42919)

000 -LEADER
fixed length control field 00910nam a2200229Ia 4500
001 - CONTROL NUMBER
control field 9635
003 - CONTROL NUMBER IDENTIFIER
control field GE_BSU
008 - FIXED-LENGTH DATA ELEMENTS--GENERAL INFORMATION
fixed length control field 181216s||||||||xx |||||||||||||| ||und||
040 ## - CATALOGING SOURCE
Transcribing agency GE_BSU
080 ## - UNIVERSAL DECIMAL CLASSIFICATION NUMBER
Universal Decimal Classification number 821.353.1–32
100 ## - MAIN ENTRY--PERSONAL NAME
Personal name მიზანდარი,ვალერიან
245 ## - TITLE STATEMENT
Title უკვდავი კაცი
245 ## - TITLE STATEMENT
Remainder of title ნოველები მოთხრობები
245 ## - TITLE STATEMENT
Statement of responsibility, etc. წინათქმის ავტ. ზ.კუხიანიძე.რედ. ზურაბ კუხიანიძე. მხატვ. ოთარ ქანდარია
260 ## - PUBLICATION, DISTRIBUTION, ETC.
Place of publication, distribution, etc. ქუთაისი
260 ## - PUBLICATION, DISTRIBUTION, ETC.
Name of publisher, distributor, etc. საბჭოთა საქართველო
260 ## - PUBLICATION, DISTRIBUTION, ETC.
Date of publication, distribution, etc. 1983
300 ## - PHYSICAL DESCRIPTION
Extent 253გვ.პორტრ.17სმ.
653 ## - INDEX TERM--UNCONTROLLED
Uncontrolled term ნოველები მოთხრობები
653 ## - INDEX TERM--UNCONTROLLED
Uncontrolled term უკვდავი კაცი
942 ## - ADDED ENTRY ELEMENTS (KOHA)
Koha item type წიგნი
ეგზემპლარები
Withdrawn status Lost status Damaged status Not for loan Date acquired Barcode Date last seen Price effective from Koha item type
        2018-12-17 32697 2018-12-17 2018-12-17 წიგნი
        2018-12-17 32698 2018-12-17 2018-12-17 წიგნი